[Event "Eurasia Open Cup 2018"]
[Site "Jekaterienburg"]
[Date "2018.08.08"]
[Round "7"]
[White "Badmatsyrenov, Oleg"]
[Black "Sorokin, Aleksey"]
[Result "1/2-1/2"]
[WhiteElo "2454"]
[BlackElo "2519"]
[Annotator "RC"]
[PlyCount "137"]
[EventDate "2018.08.01"]
[EventType "swiss"]
[EventCountry "RUS"]
[SourceTitle "playchess.com"]
[Source "ChessBase"]
[SourceQuality "1"]
[TimeControl "5400+30"]

1. e4 {[%emt 0:00:00]} c6 {[%emt 0:00:00]} 2. d4 {[%emt 0:00:38]} d5 {[%emt 0:00:00]} 3. Nc3 {[%emt 0:00:36]} dxe4 {[%emt 0:00:17]} 4. Nxe4 {[%emt 0:00:06]} Bf5 {[%emt 0:02:03]} 5. Ng3 {[%emt 0:00:34]} Bg6 {[%emt 0:00:10]} 6. h4 {[%emt 0:00:57]} h6 {[%emt 0:00:12]} 7. Nf3 {[%emt 0:00:11]} Nd7 {[%emt 0:00:07]} 8. h5 {[%emt 0:00:05]} Bh7 {[%emt 0:00:05]} 9. Bd3 {[%emt 0:00:03]} Bxd3 {[%emt 0:00:25]} 10. Qxd3 {[%emt 0:00:02]} e6 {[%emt 0:02:27]} 11. Bd2 {[%emt 0:01:04]} Ngf6 {[%emt 0:04:05]} 12. O-O-O {[%emt 0:00:07]} Be7 {[%emt 0:01:37]} 13. Qe2 {[%emt 0:04:59]} c5 {[%emt 0:03:34]} 14. dxc5 {[%emt 0:15:09]} Qc7 {[%emt 0:00:49]} 15. Rh4 {[%emt 0:18:30]} Bxc5 {[%emt 0:03:27]} 16. Ne4 {[%emt 0:12:18]} Nxe4 {[%emt 0:13:16]} 17. Rxe4 {[%emt 0:00:03]} Nf6 {[%emt 0:03:30]} 18. Rc4 {[%emt 0:12:50]} b5 {[%emt 0:01:57]} 19. Rc3 {[%emt 0:07:05]} Qb6 {[%emt 0:02:11]} 20. Rb3 {[%emt 0:04:13]} a6 {[%emt 0:01:36]} 21. Ne5 {[%emt 0:06:45]} Rd8 {[%emt 0:05:14]} 22. Rg3 {[%emt 0:05:55]} Rg8 {[%emt 0:09:46]} 23. Rf3 {[%emt 0:01:06]} Rd5 {[%emt 0:05:50]} 24. Bc3 {[%emt 0:01:42]} b4 {[%emt 0:01:25]} 25. Rxd5 {[%emt 0:02:34]} Nxd5 {[%emt 0:00:39]} 26. Bd2 {[%emt 0:00:17]} f6 {[%emt 0:00:55]} 27. Nd3 {[%emt 0:01:24]} Kd7 {[%emt 0:04:15]} 28. Nxc5+ {[%emt 0:02:52]} Qxc5 {[%emt 0:00:04]} 29. Qxa6 {[%emt 0:00:08]} Rc8 {[%emt 0:00:19]} 30. Qd3 {[%emt 0:00:41]} Rc7 {[%emt 0:00:46]} 31. Kd1 {[%emt 0:01:45]} Qc6 {[%emt 0:00:37]} 32. Kc1 {[%emt 0:00:21]} Kc8 {[%emt 0:00:14]} 33. Kb1 {[%emt 0:00:00]} Rd7 {[%emt 0:01:37]} 34. Qe2 {[%emt 0:00:26]} Rc7 {[%emt 0:01:24]} 35. Be1 {[%emt 0:00:00]} e5 {[%emt 0:00:18]} 36. g3 {[%emt 0:00:35]} Ra7 {[%emt 0:01:59]} 37. a3 {[%emt 0:01:51]} bxa3 {[%emt 0:00:06]} 38. Rxa3 {[%emt 0:00:06]} Rxa3 {[%emt 0:01:05]} 39. bxa3 {[%emt 0:00:00]} Kb7 {[%emt 0:01:03]} 40. Bd2 {[%emt 0:01:06]} e4 {[%emt 0:00:24]} 41. Kb2 {[%emt 0:00:48]} Qb6+ {[%emt 0:00:52]} 42. Ka1 {[%emt 0:00:22]} f5 {[%emt 0:01:02]} 43. Qc4 {[%emt 0:00:17]} Qc6 {[%emt 0:00:00]} 44. Qb3+ {[%emt 0:00:35]} Ka6 {[%emt 0:00:59]} 45. Ka2 {[%emt 0:00:31]} Qc5 {[%emt 0:04:39]} 46. Be3 {[%emt 0:00:41]} Nxe3 {[%emt 0:00:47]} 47. fxe3 {[%emt 0:00:04]} Qc7 {[%emt 0:00:03]} 48. Qa4+ {[%emt 0:00:36]} Kb7 {[%emt 0:01:15]} 49. Qb4+ {[%emt 0:00:27]} Ka8 {[%emt 0:01:13]} 50. Qa4+ {[%emt 0:00:37]} Kb7 {[%emt 0:00:00]} 51. Qb5+ {[%emt 0:00:12]} Ka7 {[%emt 0:00:35]} 52. Kb2 {[%emt 0:00:56]} Qxg3 {[%emt 0:00:49]} 53. Qc5+ {[%emt 0:00:41]} Kb7 {[%emt 0:00:41]} 54. a4 {[%emt 0:00:08]} g5 {[%emt 0:01:50]} 55. Qd5+ {[%emt 0:00:43]} Ka7 {[%emt 0:00:47]} 56. Qc5+ {[%emt 0:00:23]} Ka6 {[%emt 0:00:29]} 57. Qc6+ {[%emt 0:00:12]} Ka7 {[%emt 0:00:00]} 58. Qxh6 {[%emt 0:00:43]} Qe5+ {[%emt 0:00:56]} 59. c3 {[%emt 0:00:41]} f4 {[%emt 0:00:29]} 60. Qh7+ {[%emt 0:00:08]} Kb6 {[%emt 0:00:50]} 61. h6 {[%emt 0:00:36]} fxe3 {[%emt 0:00:40]} 62. Qg7 {[%emt 0:00:12]} Qxg7 {[%emt 0:00:15]} 63. hxg7 {[%emt 0:00:04]} e2 {[%emt 0:00:07]} 64. g8=Q {[%emt 0:00:05]} e1=Q {[%emt 0:00:13]} 65. Qxg5 {[%emt 0:00:53]} e3 {[%emt 0:01:44]} 66. Qb5+ {[%emt 0:00:11]} Ka7 {[%emt 0:00:29]} 67. Qd7+ {[%emt 0:00:32]} Ka6 {[%emt 0:00:36]} 68. Qd3+ {[%emt 0:00:53]} Ka7 {[%emt 0:00:19]} 69. Qd7+ {[%emt 0:00:23]} 1/2-1/2

[Event "Eurasia Open Cup 2018"]
[Site "Jekaterienburg"]
[Date "2018.08.08"]
[Round "7"]
[White "Shinkevich, Vitaly"]
[Black "Kolomensky, Vladimir"]
[Result "1/2-1/2"]
[WhiteElo "2437"]
[BlackElo "2104"]
[Annotator "NA"]
[PlyCount "81"]
[EventDate "2018.08.01"]
[EventType "swiss"]
[EventCountry "RUS"]
[SourceTitle "playchess.com"]
[Source "ChessBase"]
[SourceQuality "1"]
[TimeControl "5400+30"]

1. c4 {[%emt 0:00:00]} Nf6 {[%emt 0:00:00]} 2. Nc3 {[%emt 0:00:00]} e6 {[%emt 0:00:00]} 3. e4 {[%emt 0:00:00]} d5 {[%emt 0:00:35]} 4. e5 {[%emt 0:00:00]} d4 {[%emt 0:00:00]} 5. exf6 {[%emt 0:00:00]} dxc3 {[%emt 0:00:25]} 6. bxc3 {[%emt 0:00:00]} Qxf6 {[%emt 0:00:08]} 7. Nf3 {[%emt 0:00:02]} c5 {[%emt 0:04:09]} 8. Bd3 {[%emt 0:00:25]} Bd7 {[%emt 0:02:53]} 9. Be4 {[%emt 0:03:20]} Bc6 {[%emt 0:00:00]} 10. Qc2 {[%emt 0:01:07]} Bxe4 {[%emt 0:05:30]} 11. Qxe4 {[%emt 0:01:27]} Nc6 {[%emt 0:00:01]} 12. O-O {[%emt 0:05:53]} Qg6 {[%emt 0:10:42]} 13. Qf4 {[%emt 0:09:30]} O-O-O {[%emt 0:21:24]} 14. d4 {[%emt 0:02:41]} Bd6 {[%emt 0:00:35]} 15. Qe3 $11 {[%emt 0:01:21]} e5 {[%emt 0:37:22]} 16. d5 {[%emt 0:14:05]} Na5 {[%emt 0:00:08]} 17. Nd2 {[%emt 0:01:12]} b6 {[%emt 0:01:32]} 18. Ne4 {[%emt 0:10:03]} h6 {[%emt 0:06:46]} 19. f4 {[%emt 0:03:09]} exf4 {[%emt 0:01:34]} 20. Qh3+ {[%emt 0:00:26]} Kb7 {[%emt 0:00:52]} 21. Nxd6+ {[%emt 0:00:41]} Qxd6 {[%emt 0:00:58]} 22. Rxf4 {[%emt 0:07:24]} f6 {[%emt 0:00:24]} 23. Rg4 {[%emt 0:12:22]} Qd7 {[%emt 0:00:26]} 24. Qf3 {[%emt 0:02:09]} g5 {[%emt 0:00:23]} 25. Re4 {[%emt 0:00:57]} f5 {[%emt 0:01:20]} 26. Re6 {[%emt 0:07:00]} Rde8 {[%emt 0:01:37]} 27. h4 {[%emt 0:02:10]} f4 {[%emt 0:00:01]} 28. Qe4 {[%emt 0:10:14]} Rxe6 {[%emt 0:01:35]} 29. dxe6+ {[%emt 0:00:17]} Qc6 {[%emt 0:00:01]} 30. Qg6 {[%emt 0:00:16]} Re8 {[%emt 0:00:02]} 31. Qxh6 {[%emt 0:00:55]} gxh4 {[%emt 0:01:40]} 32. Bxf4 {[%emt 0:02:56]} Rxe6 {[%emt 0:00:17]} 33. Qxh4 {[%emt 0:01:06]} Re2 {[%emt 0:00:50]} 34. Qg4 {[%emt 0:00:55]} Qe4 {[%emt 0:00:20]} 35. Rd1 {[%emt 0:01:39]} Nxc4 {[%emt 0:00:21]} 36. a4 {[%emt 0:01:26]} Ne5 {[%emt 0:00:59]} 37. Qg7+ {[%emt 0:00:03]} Ka6 {[%emt 0:00:00]} 38. Bxe5 {[%emt 0:01:08]} Re1+ {[%emt 0:01:13]} 39. Rxe1 {[%emt 0:00:09]} Qxe1+ {[%emt 0:00:00]} 40. Kh2 {[%emt 0:00:00]} Qh4+ {[%emt 0:00:00]} 41. Kg1 {[%emt 0:00:16]} 1/2-1/2

[Event "Eurasia Open Cup 2018"]
[Site "Jekaterienburg"]
[Date "2018.08.08"]
[Round "7"]
[White "Drygalov, Sergey"]
[Black "Maletina, Tatiana"]
[Result "1-0"]
[WhiteElo "2433"]
[BlackElo "2231"]
[Annotator "NA"]
[PlyCount "109"]
[EventDate "2018.08.01"]
[EventType "swiss"]
[EventCountry "RUS"]
[SourceTitle "playchess.com"]
[Source "ChessBase"]
[SourceQuality "1"]
[TimeControl "5400+30"]

1. d4 {[%emt 0:00:00]} d5 {[%emt 0:00:00]} 2. c4 {[%emt 0:00:00]} c6 {[%emt 0:00:00]} 3. Nf3 {[%emt 0:00:00]} Nf6 {[%emt 0:00:00]} 4. e3 {[%emt 0:00:00]} Bf5 {[%emt 0:00:10]} 5. Nc3 {[%emt 0:00:00]} e6 {[%emt 0:00:35]} 6. Nh4 {[%emt 0:00:27]} Bg6 {[%emt 0:00:19]} 7. Nxg6 {[%emt 0:00:58]} hxg6 {[%emt 0:00:00]} 8. g3 {[%emt 0:00:04] D12: Slav Defence: 3 Nf3 Nf6 4 e3 Bf5} (8. h3 Nbd7 9. Bd3 Bd6 10. O-O Qe7 11. e4 dxe4 12. Bxe4 O-O 13. Bg5 Qd8 14. Re1 Qc7 15. Qf3 Bb4 {1-0 (38) Kramnik,V (2808)-Giri,A (2771) Leuven 2017}) 8... Nbd7 {[%emt 0:00:14]} 9. Qe2 {[%emt 0:00:07]} Bb4 {[%emt 0:01:11]} 10. Bg2 {[%emt 0:05:12]} Nb6 {[%emt 0:04:18]} 11. c5 {[%emt 0:05:10]} Nbd7 {[%emt 0:02:51]} 12. O-O {[%emt 1:23:32]} Kf8 $146 {[%emt 1:25:52]} ({Predecessor:} 12... O-O 13. Bd2 e5 14. a3 exd4 15. exd4 Re8 {½-½ (32) Shariyazdanov,A (2562)-Tukmakov,V (2566) Biel 2002}) 13. Nd1 {[%emt 0:00:30]} e5 {[%emt 0:00:30]} 14. a3 {[%emt 0:00:30]} Ba5 {[%emt 0:00:30]} 15. b4 {[%emt 0:00:30]} Bc7 {[%emt 0:00:30]} 16. b5 {[%emt 0:00:30]} Qc8 {[%emt 0:00:30]} 17. f4 {[%emt 0:00:30]} e4 {[%emt 0:00:30]} 18. Bd2 {[%emt 0:00:00]} Ng8 {[%emt 0:00:00]} 19. Nf2 {[%emt 0:00:00]} Ne7 $14 {[%emt 0:00:00]} 20. Ng4 {[%emt 0:00:00]} f6 {[%emt 0:00:00]} 21. Rab1 {[%emt 0:00:00]} Kf7 {[%emt 0:00:00]} 22. Rb2 {[%emt 0:00:00]} Nf8 {[%emt 0:00:00]} 23. h4 {[%emt 0:00:00]} Ne6 {[%emt 0:00:00]} 24. Bh3 {[%emt 0:00:00]} Nf5 {[%emt 0:00:00]} 25. Qf2 {[%emt 0:00:00]} Ke7 {[%emt 0:00:00]} 26. Nh2 {[%emt 0:00:00]} Qd7 {[%emt 0:00:00]} 27. Rfb1 {[%emt 0:00:00]} b6 {[%emt 0:00:00]} 28. cxb6 {[%emt 0:00:00]} Bxb6 {[%emt 0:00:00]} 29. bxc6 {[%emt 0:00:00]} Qxc6 {[%emt 0:00:00]} 30. Rc1 {[%emt 0:00:00]} Qa4 {[%emt 0:00:00]} 31. Nf1 {[%emt 0:00:00]} Kf7 {[%emt 0:00:00]} 32. Bxf5 {[%emt 0:00:00]} gxf5 {[%emt 0:00:00]} 33. Bb4 {[%emt 0:00:00]} Rac8 {[%emt 0:00:00]} 34. Rbc2 {[%emt 0:00:00]} Rxc2 {[%emt 0:00:00]} 35. Qxc2 {[%emt 0:00:00]} Qxc2 {[%emt 0:00:00]} 36. Rxc2 {[%emt 0:00:00]} g5 {[%emt 0:00:00]} 37. Rh2 {[%emt 0:00:19]} Kg6 {[%emt 0:00:00]} 38. a4 {[%emt 0:03:34]} Rb8 {[%emt 0:00:00]} 39. Be1 {[%emt 0:01:15]} Bc7 {[%emt 0:00:25]} 40. Rc2 {[%emt 0:01:59]} Rb1 {[%emt 0:03:42]} 41. Kf2 {[%emt 0:00:14]} gxf4 {[%emt 0:03:15]} 42. gxf4 {[%emt 0:00:16]} Bxf4 {[%emt 0:00:17]} 43. Rc6 {[%emt 0:01:55]} Bxe3+ {[%emt 0:01:16]} 44. Nxe3 {[%emt 0:00:57]} Nxd4 {[%emt 0:00:03]} 45. Ra6 {[%emt 0:01:17]} f4 {[%emt 0:03:52]} 46. Nxd5 {[%emt 0:00:13]} e3+ {[%emt 0:00:04]} 47. Kf1 {[%emt 0:00:38]} e2+ {[%emt 0:01:13]} 48. Kf2 {[%emt 0:00:15]} f3 {[%emt 0:00:03]} 49. Ne3 {[%emt 0:01:31]} Rd1 {[%emt 0:01:24]} 50. Rd6 {[%emt 0:01:11]} Rd3 {[%emt 0:00:18]} 51. Nc2 {[%emt 0:00:47]} Rd1 {[%emt 0:01:02]} 52. Rxd4 {[%emt 0:00:13]} Rc1 {[%emt 0:00:05]} 53. Rc4 {[%emt 0:00:08]} Kf5 {[%emt 0:00:08]} 54. Kxf3 {[%emt 0:00:05]} Ke5 {[%emt 0:00:29]} 55. Kxe2 {[%emt 0:00:07]} 1-0

[Event "Eurasia Open Cup 2018"]
[Site "Jekaterienburg"]
[Date "2018.08.08"]
[Round "7"]
[White "Faizrakhmanov, Ramil"]
[Black "Zasukhin, Vadim"]
[Result "1-0"]
[WhiteElo "2407"]
[BlackElo "2252"]
[Annotator "TA"]
[PlyCount "73"]
[EventDate "2018.08.01"]
[EventType "swiss"]
[EventCountry "RUS"]
[SourceTitle "playchess.com"]
[Source "ChessBase"]
[SourceQuality "1"]

{[%evp 16,73,25,15,33,18,37,33,33,19,49,26,31,28,37,0,8,3,94,111,114,85,124,95,108,107,91,78,100,89,139,141,137,138,132,107,129,137,164,121,111,49,116,106,139,74,79,33,91,91,99,104,94,92,94,94,106,108,602,589]} 1. d4 Nf6 2. c4 g6 3. Nf3 Bg7 4. e3 O-O 5. Be2 d6 6. O-O Nbd7 7. Nc3 e5 8. Qc2 c6 9. Rd1 {LiveBook: 8 Games} Qe7 {E61: King's Indian: Early deviations for White, including Smyslov System} (9... Qc7 10. b3 Re8 11. Ba3 exd4 12. Nxd4 Nc5 13. Bf3 Bg4 14. Rac1 Rad8 15. h3 Bxf3 16. Nxf3 a5 17. Bxc5 dxc5 18. Rxd8 Rxd8 {1-0 (72) Ernst,S (2535)-Van Foreest,J (2578) Utrecht 2016}) 10. b3 e4 11. Nd2 {[%cal Rd2e4,Bf3d2,Bd2f1,Bf1g3,Bg3f5][%mdl 32]} Re8 $1 {White is slightly better.} 12. Ba3 Nf8 13. Rac1 Bf5 $146 ({Predecessor:} 13... h5 14. d5 c5 15. b4 b6 16. bxc5 bxc5 17. Rb1 N8h7 {½-½ (47) Sakletin,V (2063)-Anisimov,P (1993) Samara 2008}) 14. Nf1 h5 15. b4 a6 16. d5 Rec8 (16... h4 $11 {remains equal.}) 17. Ng3 $36 {[%mdl 2048] White is on the roll.} h4 18. Nxf5 gxf5 19. dxc6 bxc6 20. b5 cxb5 21. cxb5 Ng4 22. Qb3 {[#] Black must now prevent b6.} axb5 {...Rxc3 is the strong threat.} 23. Bxd6 Qe6 {aiming for ...Qxb3.} 24. Nxb5 Rxc1 25. Rxc1 Qxb3 26. axb3 Ra2 27. Bxg4 fxg4 28. Bxf8 ({White should play} 28. h3 $16) 28... Kxf8 $18 {[%mdl 4096] Endgame KRB-KRN} (28... Bxf8 $14 29. Nc3 Rb2) 29. Nd6 $16 Rb2 30. Nxe4 (30. Nf5 $142 {[%cal Rc1c8]} Kg8 31. h3 (31. Nxh4 Rxb3 32. Nf5 Bf8 $16)) 30... Rxb3 31. g3 hxg3 (31... h3 $14) 32. Nxg3 Rb4 33. Nf5 {[%cal Rc1c8]} Kg8 34. Rc5 Bf6 35. Kg2 Kh7 36. Rc6 Kg6 $2 {[%mdl 8192] [#]} (36... Bb2 $16 37. h4 gxh3+ 38. Kxh3 f6 39. Rc7+ Kg8) 37. Ne7+ $1 {Precision: White = 51%, Black = 46%.} 1-0

[Event "Eurasia Open Cup 2018"]
[Site "Jekaterienburg"]
[Date "2018.08.08"]
[Round "7"]
[White "Nesterov, Arseniy"]
[Black "Khanin, Semen"]
[Result "0-1"]
[WhiteElo "2355"]
[BlackElo "2494"]
[Annotator "ChessBase"]
[PlyCount "116"]
[EventDate "2018.08.01"]
[EventType "swiss"]
[EventCountry "RUS"]
[SourceTitle "playchess.com"]
[Source "ChessBase"]
[SourceQuality "1"]
[TimeControl "5400+30"]

1. d4 {[%emt 0:00:00]} Nf6 {[%emt 0:00:00]} 2. c4 {[%emt 0:00:00]} e6 {[%emt 0:00:00]} 3. Nf3 {[%emt 0:00:00]} a6 {[%emt 0:00:00]} 4. Nc3 {[%emt 0:00:00]} d5 {[%emt 0:00:00]} 5. cxd5 {[%emt 0:00:18]} exd5 {[%emt 0:00:00]} 6. Bg5 {[%emt 0:00:06]} Be6 {[%emt 0:00:00]} 7. e3 {[%emt 0:00:20]} Nbd7 {[%emt 0:00:00]} 8. Bd3 {[%emt 0:00:05]} Bd6 {[%emt 0:00:03]} 9. O-O {[%emt 0:01:24]} O-O {[%emt 0:00:22]} 10. Qc2 {[%emt 0:05:28]} h6 {[%emt 0:00:10]} 11. Bf4 {[%emt 0:00:27]} Qe7 {[%emt 0:00:08]} 12. Rac1 {[%emt 0:05:58]} c6 {[%emt 0:02:28]} 13. Na4 {[%emt 0:05:22]} Rfe8 {[%emt 0:11:18]} 14. Bxd6 {[%emt 0:08:30]} Qxd6 {[%emt 0:00:04]} 15. Nc5 {[%emt 0:00:06]} Nxc5 {[%emt 0:01:23]} 16. Qxc5 {[%emt 0:04:29]} Qxc5 {[%emt 0:04:17]} 17. dxc5 {[%emt 0:08:05]} a5 {[%emt 0:01:24]} 18. a4 {[%emt 0:01:16]} g6 {[%emt 0:09:48]} 19. Nd4 {[%emt 0:00:20]} Kg7 {[%emt 0:00:37]} 20. f3 {[%emt 0:00:17]} Bd7 {[%emt 0:03:53]} 21. Kf2 {[%emt 0:00:29]} Nh7 {[%emt 0:01:21]} 22. g4 {[%emt 0:05:35]} Ng5 {[%emt 0:02:10]} 23. h4 {[%emt 0:04:12]} Ne6 {[%emt 0:03:27]} 24. Rc3 {[%emt 0:02:22]} Reb8 {[%emt 0:07:30]} 25. b3 {[%emt 0:17:03]} b6 {[%emt 0:02:04]} 26. cxb6 {[%emt 0:00:19]} Rxb6 {[%emt 0:00:22]} 27. Bc2 {[%emt 0:00:49]} Kf6 {[%emt 0:05:28]} 28. Rd1 {[%emt 0:03:09]} Ke7 {[%emt 0:11:06]} 29. e4 {[%emt 0:01:04]} Nxd4 {[%emt 0:00:17]} 30. Rxd4 {[%emt 0:00:36]} Be6 {[%emt 0:00:00]} 31. f4 {[%emt 0:07:48]} dxe4 {[%emt 0:02:31]} 32. Rxe4 {[%emt 0:01:07]} Kd6 {[%emt 0:00:53]} 33. Rd4+ {[%emt 0:04:14]} Bd5 {[%emt 0:00:46]} 34. Be4 {[%emt 0:01:06]} Rd8 {[%emt 0:02:01]} 35. Rcd3 {[%emt 0:04:47]} Kc5 {[%emt 0:00:54]} 36. Ke3 {[%emt 0:00:58]} Re8 {[%emt 0:02:09]} 37. Rc3+ {[%emt 0:01:28]} Kd6 {[%emt 0:00:04]} 38. Kd3 {[%emt 0:00:49]} Rb4 {[%emt 0:02:43]} 39. Rxc6+ {[%emt 0:00:48]} Kxc6 {[%emt 0:00:04]} 40. Bxd5+ {[%emt 0:00:34]} Kc5 {[%emt 0:00:11]} 41. Rxb4 {[%emt 0:00:09]} Kxb4 {[%emt 0:02:43]} 42. Bxf7 {[%emt 0:00:00]} Rf8 {[%emt 0:00:05]} 43. Bxg6 {[%emt 0:00:10]} Rxf4 {[%emt 0:02:12]} 44. g5 {[%emt 0:01:42]} Rxh4 {[%emt 0:03:44]} 45. gxh6 {[%emt 0:00:08]} Kxb3 {[%emt 0:00:00]} 46. Be8 {[%emt 0:00:08]} Rxh6 {[%emt 0:00:17]} 47. Kd4 {[%emt 0:04:11]} Rd6+ {[%emt 0:01:28]} 48. Kc5 {[%emt 0:01:31]} Rd8 {[%emt 0:00:05]} 49. Bb5 {[%emt 0:00:17]} Kc3 {[%emt 0:02:31]} 50. Bf1 {[%emt 0:01:46]} Rf8 {[%emt 0:01:34]} 51. Bh3 {[%emt 0:01:58]} Rh8 {[%emt 0:00:25]} 52. Bd7 {[%emt 0:00:20]} Rh5+ {[%emt 0:00:04]} 53. Kd6 {[%emt 0:01:28]} Kb4 {[%emt 0:00:38]} 54. Be8 {[%emt 0:00:21]} Rh8 {[%emt 0:01:30]} 55. Bb5 {[%emt 0:00:24]} Rb8 {[%emt 0:00:11]} 56. Kc6 {[%emt 0:00:16]} Rd8 {[%emt 0:00:00]} 57. Kc7 {[%emt 0:00:20]} Rd5 {[%emt 0:00:38]} 58. Be8 {[%emt 0:01:04]} Re5 {[%emt 0:00:06]} 0-1

[Event "Eurasia Open Cup 2018"]
[Site "Jekaterienburg"]
[Date "2018.08.08"]
[Round "7"]
[White "Obgolts, Erik"]
[Black "Shaposhnikov, Evgeny"]
[Result "0-1"]
[WhiteElo "2334"]
[BlackElo "2588"]
[Annotator "ChessBase"]
[PlyCount "162"]
[EventDate "2018.08.01"]
[EventType "swiss"]
[EventCountry "RUS"]
[SourceTitle "playchess.com"]
[Source "ChessBase"]
[SourceQuality "1"]
[TimeControl "5400+30"]

1. e4 {[%emt 0:00:00]} c5 {[%emt 0:00:00]} 2. Nf3 {[%emt 0:00:00]} e6 {[%emt 0:00:00]} 3. g3 {[%emt 0:00:00]} Nf6 {[%emt 0:00:51]} 4. Qe2 {[%emt 0:00:51]} Nc6 {[%emt 0:00:44]} 5. Bg2 {[%emt 0:00:26]} g6 {[%emt 0:00:23]} 6. O-O {[%emt 0:00:48]} Bg7 {[%emt 0:00:11]} 7. c3 {[%emt 0:02:16]} e5 {[%emt 0:05:07]} 8. d3 {[%emt 0:10:30]} O-O {[%emt 0:00:43]} 9. Be3 {[%emt 0:03:08]} b6 {[%emt 0:02:17]} 10. c4 {[%emt 0:05:42]} d6 {[%emt 0:02:04]} 11. Nc3 {[%emt 0:00:04]} h6 {[%emt 0:01:05]} 12. h3 {[%emt 0:06:32]} Bd7 {[%emt 0:01:53]} 13. Qd2 {[%emt 0:02:56]} Kh7 {[%emt 0:00:22]} 14. a3 {[%emt 0:01:32]} Nh5 {[%emt 0:06:21]} 15. Qd1 {[%emt 0:11:41]} Be8 {[%emt 0:03:06]} 16. Nd5 {[%emt 0:01:34]} Ne7 {[%emt 0:02:36]} 17. Nxe7 {[%emt 0:02:38]} Qxe7 {[%emt 0:01:06]} 18. Bd2 {[%emt 0:02:06]} Rd8 {[%emt 0:05:44]} 19. Ne1 {[%emt 0:04:54]} f5 {[%emt 0:01:05]} 20. Nc2 {[%emt 0:00:41]} f4 {[%emt 0:04:27]} 21. g4 {[%emt 0:03:51]} Nf6 {[%emt 0:05:48]} 22. a4 {[%emt 0:01:08]} Kg8 {[%emt 0:06:54]} 23. b4 {[%emt 0:05:58]} Nh7 {[%emt 0:01:39]} 24. b5 {[%emt 0:04:14]} Qh4 {[%emt 0:02:23]} 25. f3 {[%emt 0:01:14]} Qe7 {[%emt 0:03:33]} 26. Be1 {[%emt 0:01:49]} Bf6 {[%emt 0:00:32]} 27. Na3 {[%emt 0:00:51]} h5 {[%emt 0:01:40]} 28. Nb1 {[%emt 0:01:39]} Kg7 {[%emt 0:03:57]} 29. Nc3 {[%emt 0:00:36]} Bf7 {[%emt 0:01:02]} 30. Kf2 {[%emt 0:01:22]} hxg4 {[%emt 0:06:18]} 31. hxg4 {[%emt 0:00:09]} Rh8 {[%emt 0:01:51]} 32. Rh1 {[%emt 0:02:31]} Ng5 {[%emt 0:00:43]} 33. Rxh8 {[%emt 0:02:35]} Rxh8 {[%emt 0:00:18]} 34. Kf1 {[%emt 0:00:56]} Qd8 {[%emt 0:04:40]} 35. a5 {[%emt 0:04:11]} Rh2 {[%emt 0:01:20]} 36. Ne2 {[%emt 0:01:13]} Qh8 {[%emt 0:05:36]} 37. Ng1 {[%emt 0:00:13]} Bd8 {[%emt 0:01:35]} 38. axb6 {[%emt 0:01:31]} Bxb6 {[%emt 0:01:13]} 39. Bf2 {[%emt 0:01:15]} Be6 {[%emt 0:01:06]} 40. Ra2 {[%emt 0:00:30]} Qh7 {[%emt 0:01:42]} 41. Ra1 {[%emt 0:01:44]} Bd7 {[%emt 0:01:47]} 42. Ra2 {[%emt 0:01:25]} Ne6 {[%emt 0:00:47]} 43. Ne2 {[%emt 0:00:47]} Ng5 {[%emt 0:01:43]} 44. Ng1 {[%emt 0:00:07]} Qh8 {[%emt 0:01:42]} 45. Ra1 {[%emt 0:00:23]} Qc8 {[%emt 0:00:34]} 46. Ra2 {[%emt 0:00:55]} Nf7 {[%emt 0:01:05]} 47. Ra1 {[%emt 0:01:19]} Nh6 {[%emt 0:00:29]} 48. Ra2 {[%emt 0:00:41]} Ng8 {[%emt 0:02:20]} 49. Ra1 {[%emt 0:00:00]} Nf6 {[%emt 0:00:58]} 50. Ra2 {[%emt 0:00:03]} g5 {[%emt 0:00:39]} 51. Ra6 {[%emt 0:03:54]} Kg6 {[%emt 0:00:57]} 52. Ra2 {[%emt 0:02:05]} Be6 {[%emt 0:00:07]} 53. Ra1 {[%emt 0:00:50]} Nxg4 {[%emt 0:01:39]} 54. fxg4 {[%emt 0:00:02]} Bxg4 {[%emt 0:00:04]} 55. Qa4 {[%emt 0:02:24]} Qh8 {[%emt 0:02:19]} 56. Ra2 {[%emt 0:01:23]} Qh5 {[%emt 0:01:11]} 57. Qa6 {[%emt 0:01:10]} f3 {[%emt 0:02:00]} 58. Bxf3 {[%emt 0:00:13]} Bxf3 {[%emt 0:00:07]} 59. Qc8 {[%emt 0:00:24]} Bg4 {[%emt 0:01:03]} 60. Qg8+ {[%emt 0:00:33]} Kf6 {[%emt 0:00:14]} 61. Qf8+ {[%emt 0:00:14]} Ke6 {[%emt 0:00:33]} 62. Qg8+ {[%emt 0:00:22]} Kd7 {[%emt 0:00:34]} 63. Qg7+ {[%emt 0:00:18]} Kc8 {[%emt 0:00:30]} 64. Rxa7 {[%emt 0:01:37]} Bxa7 {[%emt 0:01:27]} 65. Qxa7 {[%emt 0:00:03]} Be6 {[%emt 0:01:22]} 66. Ke1 {[%emt 0:01:47]} Qf7 {[%emt 0:00:06]} 67. Qxf7 {[%emt 0:01:41]} Bxf7 {[%emt 0:00:02]} 68. Ne2 {[%emt 0:00:21]} Bh5 {[%emt 0:00:30]} 69. Ng3 {[%emt 0:00:14]} Bg4 {[%emt 0:00:08]} 70. Kf1 {[%emt 0:00:30]} Bh3+ {[%emt 0:00:33]} 71. Ke2 {[%emt 0:00:20]} Kd7 {[%emt 0:00:09]} 72. Kf3 {[%emt 0:01:02]} Be6 {[%emt 0:00:20]} 73. Ke2 {[%emt 0:00:17]} g4 {[%emt 0:00:30]} 74. Ke3 {[%emt 0:00:15]} Rh8 {[%emt 0:00:14]} 75. Be1 {[%emt 0:00:16]} Rf8 {[%emt 0:00:06]} 76. Ke2 {[%emt 0:00:21]} Ke7 {[%emt 0:00:16]} 77. Bd2 {[%emt 0:00:27]} Ra8 {[%emt 0:00:16]} 78. Bg5+ {[%emt 0:00:13]} Kf7 {[%emt 0:00:05]} 79. Ke3 {[%emt 0:00:53]} Ra3 {[%emt 0:00:08]} 80. Ke2 {[%emt 0:00:10]} Bxc4 {[%emt 0:00:13]} 81. Nf5 {[%emt 0:00:22]} Bxd3+ {[%emt 0:00:30]} 0-1